| 000 | 01048nam a22002057a 4500 | ||
|---|---|---|---|
| 999 |
_c59125 _d59125 |
||
| 003 | Ge_BSU | ||
| 005 | 20221129101835.0 | ||
| 008 | 221129s1967ge xxu||||| |||| 00| 0 geo d | ||
| 041 | _ageo | ||
| 080 | _a821.131.1-31 პ-73 | ||
| 100 |
_aპრატოლინი, ვასკო, ავტორი. _916176 |
||
| 245 |
_aღარიბ შეყვარებულთა ქრონიკა : _bრომანი / _cვასკო პრატოლინი ; [იტალიელი მწერლის ; თარგმნა ლ. ერაძემ]. |
||
| 264 |
_aთბილისი : _bლიტერატურა და ხელოვნება, _c1967. |
||
| 300 |
_a397 გვ. ; _b22 სმ. |
||
| 440 |
_aუცხოეთის თანამედროვე რომანი _916177 |
||
| 653 | _aღარიბ შეყვარებულთა ქრონიკა | ||
| 653 | _aრომანი | ||
| 700 |
_aერაძე, ლ _eმთარგმნელი _916178 |
||
| 942 |
_2udc _cBK |
||